[Event "Schwarzwald Seniors op 12th"]
[Site "Steinach"]
[Date "2004.04.03"]
[Round "1"]
[White "Leutz, Hans"]
[Black "Sartor, Karl"]
[Result "1-0"]
[WhiteElo "1783"]
[BlackElo "1475"]
[PlyCount "97"]
[EventDate "2004.03.29"]
[EventType "swiss"]
[EventRounds "9"]
[EventCountry "GER"]
[SourceTitle "EXT 2006"]
[Source "ChessBase"]
[SourceDate "2005.11.24"]
[SourceVersion "1"]
[SourceVersionDate "2005.11.24"]
[SourceQuality "1"]

1. d4 d5 2. Nf3 Nf6 3. e3 e6 4. Bd3 Nc6 5. Nbd2 Be7 6. 0-0 0-0 7. c3 a6 8. e4 dxe4 9. Nxe4 b5 10. Qe2 Bb7 11. Nfg5 h6 12. Nxf6+ Bxf6 13. Nh7 Re8 14. Nxf6+ Qxf6 15. f4 Ne7 16. Bd2 Rad8 17. b4 Nf5 18. Bc2 Bd5 19. Rf2 Kh8 20. Qe5 Qg6 21. Qxc7 Rd6 22. Qxd6 Nxd6 23. Bxg6 fxg6 24. Re2 Kg8 25. a4 Re7 26. axb5 axb5 27. Be1 Kf7 28. Ra6 Ne4 29. Rb6 Rc7 30. Re3 Rb7 31. Rxb7+ Bxb7 32. Re2 Bd5 33. g4 Kf6 34. h3 g5 35. fxg5+ Kxg5 36. Bd2+ Kh4 37. Kh2 Nxd2 38. Rxd2 Kg5 39. Kg3 Bc4 40. Rf2 Kg6 41. Rf8 Kh7 42. Kf4 g6 43. Ke5 Kg7 44. Rf6 g5 45. Rf2 Bd5 46. Kd6 Bc4 47. Ke7 Bd5 48. Re2 Bc4 49. Rxe6 1-0

[Event "Schwarzwald Seniors op 12th"]
[Site "Steinach"]
[Date "2004.04.03"]
[Round "7"]
[White "Petroschka, Bernd"]
[Black "Sartor, Karl"]
[Result "1/2-1/2"]
[WhiteElo "1771"]
[BlackElo "1475"]
[PlyCount "85"]
[EventDate "2004.03.29"]
[EventType "swiss"]
[EventRounds "9"]
[EventCountry "GER"]
[SourceTitle "EXT 2006"]
[Source "ChessBase"]
[SourceDate "2005.11.24"]
[SourceVersion "1"]
[SourceVersionDate "2005.11.24"]
[SourceQuality "1"]

1. d4 d5 2. c4 c6 3. cxd5 cxd5 4. Nc3 e6 5. Nf3 Nf6 6. Bg5 Be7 7. e3 0-0 8. Bd3 Nbd7 9. Rc1 a6 10. 0-0 b5 11. Bb1 Bb7 12. Qd3 Ne4 13. Bxe7 Qxe7 14. Nd2 f5 15. f3 Nd6 16. f4 Ne4 17. Qe2 Ndf6 18. Bxe4 dxe4 19. Nb3 Bc6 20. Nb1 Bd5 21. N1d2 Rfc8 22. a3 Qd8 23. Rxc8 Rxc8 24. Nc5 Qa5 25. Rc1 Kf7 26. h3 h5 27. Qd1 g6 28. Ncb3 Rxc1 29. Qxc1 Qd8 30. Qc5 Qb8 31. Qc3 Bxb3 32. Nxb3 Nd5 33. Qd2 b4 34. axb4 Nxb4 35. Nc5 Qb5 36. Kf2 a5 37. Qc3 Nd3+ 38. Nxd3 exd3 39. Qc7+ Ke8 40. Qc8+ Ke7 41. Qc7+ Kf8 42. Qd6+ Kf7 43. Qc7+ 1/2-1/2

[Event "Schwarzwald Seniors op 12th"]
[Site "Steinach"]
[Date "2004.04.03"]
[Round "3"]
[White "Sievers, Hermann"]
[Black "Sartor, Karl"]
[Result "0-1"]
[WhiteElo "1024"]
[BlackElo "1475"]
[PlyCount "74"]
[EventDate "2004.03.29"]
[EventType "swiss"]
[EventRounds "9"]
[EventCountry "GER"]
[SourceTitle "EXT 2006"]
[Source "ChessBase"]
[SourceDate "2005.11.24"]
[SourceVersion "1"]
[SourceVersionDate "2005.11.24"]
[SourceQuality "1"]

1. e4 e5 2. Nf3 Nc6 3. Bb5 a6 4. Ba4 Nf6 5. Nc3 b5 6. Bb3 d6 7. a3 Be7 8. 0-0 0-0 9. Re1 Rb8 10. d3 Bg4 11. h3 Bh5 12. g4 Bg6 13. Nh4 Nd4 14. Nxg6 hxg6 15. Bg5 Nxb3 16. cxb3 Nh7 17. Bxe7 Qxe7 18. Nd5 Qh4 19. Re3 Ng5 20. Nxc7 Nxh3+ 21. Rxh3 Qxh3 22. Qf1 Qxg4+ 23. Qg2 Qxg2+ 24. Kxg2 a5 25. Rc1 Rfc8 26. Rc3 b4 27. Rc4 bxa3 28. bxa3 Rxb3 29. Nd5 Rxc4 30. dxc4 Rxa3 31. Nc7 Rc3 32. c5 Rxc5 33. Na6 Rc4 34. f3 f5 35. Nb8 a4 36. Nd7 Rb4 37. exf5 gxf5 0-1